000 00294nam a22001217a 4500
008 180802b xxu||||| |||| 00| 0 eng d
082 _a813.52
245 _aCaring for children and their families
_cPotts.B.L
260 _c2002
300 _a2
_fCD
440 _x9780766845473
942 _2ddc
_cMX
999 _c46738
_d46738